Revista global Manager

Detalles Bibliográficos
Formato: Seriadas
Lenguaje:portugués
Publicado: [Brasil] : Faculdade da Serra Gac︢ha, 2001-
Materias:
Acceso en línea:Acceso restringido

MARC

LEADER 00000nas a22000007a 4500
005 20110916143959.0
008 110916s2001 bl zr|||s|||| 00| b1por d
022 |a 1676-2819 
035 |a 4996 
040 |a vLex 
090 |c 2487  |d 2487 
245 0 0 |a Revista global Manager  |h [Recurso electrn̤ico] 
256 |a Servicio en ln̕ea. 
260 |a [Brasil] :  |b Faculdade da Serra Gac︢ha,  |c 2001- 
300 |a 1 recurso electrn̤ico 
506 1 |a Contenido solo disponible en los productos indicados  |d vLex Global  |d vLex Global (Academic Edition, excluding Law Schools)  |d vLex Global (U.S. Academic Edition, Law Schools)  |d vLex Global (U.S. Academic Edition, excluding Law Schools)  |d vLex Global (Academic Edition, Law Schools) 
650 0 4 |a Derecho civil  |z Brasil 
740 0 |a vLex Revistas (Servicio en ln̕ea) 
856 4 0 |u http://vlex.com/source/revista-global-manager-4996  |z Acceso restringido 
942 |c REV